FC Barcelone - Les joueurs à plus de 100 matchs - Statistiques

Statistiques générales
  • Ce quiz a été pris 3 707 fois
    2 137 depuis la dernière actualisation
  • Le résultat moyen est 22 sur 35
Statistiques - réponses
P Joueurs Matchs % Correct
A Lionel Messi 778
100%
M Andres Iniesta 674
98%
M Xavi 767
98%
D Gerard Piqué 616
95%
G Marc André ter Stegen 377
95%
M Sergio Busquets 722
94%
D Carles Puyol 593
93%
A Luis Suarez 283
92%
A Neymar 186
91%
D Jordi Alba 459
89%
G Victor Valdes 535
88%
D Dani Alves 408
87%
M Pedri 109
81%
M Ivan Rakitic 310
73%
A Pedro 321
72%
A David Villa 119
68%
A Ousmane Dembele 185
68%
M Frenkie De Jong 183
66%
M Javier Mascherano 334
65%
D Sergi Roberto 348
65%
A Antoine Griezmann 102
57%
D Samuel Umtiti 133
57%
D Ronald Araujo 113
56%
D Eric Abidal 193
53%
A Alexis Sanchez 141
44%
D Clément Lenglet 160
44%
M Philippe Coutinho 106
42%
M Cesc Fabregas 151
36%
A Ansu Fati 109
32%
M Thiago Alcantara 101
30%
D Nelson Semedo 124
27%
D Adriano 189
20%
A Bojan Krkic 163
20%
M Seydou Keita 188
17%
D Marc Bartra 103
13%
Aucun quiz correspondant
Distribution des résultats
% des personnes avec chaque résultat
Percentile par nombre de réponses
Votre historique - résultats
Vous n’avez pas pris ce quiz depuis la dernière actualisation